| 000 -LEADER | |
|---|---|
| fixed length control field | 00363nam a22001217a 4500 |
| 005 - DATE AND TIME OF LATEST TRANSACTION | |
| control field | 20250404112242.0 |
| 008 - FIXED-LENGTH DATA ELEMENTS--GENERAL INFORMATION | |
| fixed length control field | 250404b |||||||| |||| 00| 0 eng d |
| 020 ## - INTERNATIONAL STANDARD BOOK NUMBER | |
| ISBN | 0976-0512 |
| 041 ## - LANGUAGE CODE | |
| Language code of text/sound track or separate title | eng |
| 245 ## - TITLE STATEMENT | |
| Title | INDIAN JOURNAL OF NATURAL PRODUCTS AND RESOURCES |
| 260 ## - PUBLICATION, DISTRIBUTION, ETC. (IMPRINT) | |
| Place of publication | NEW DELHI |
| Name of publisher | CSIR- NATIONAL INSTITUTE OF SCIENCE COMMUNICATION AND POLICY RESEARCH |
| 942 ## - ADDED ENTRY ELEMENTS (KOHA) | |
| Koha item type | Journals/Serial |
| Lost status | Damaged status | Collection code | Home library | Current library | Shelving location | Date acquired | Source of acquisition | Serial Enumeration / chronology | Accession Number | Koha item type |
|---|---|---|---|---|---|---|---|---|---|---|
| JOURNALS | JRU Library | JRU Library | Periodicals Section | 13/03/2021 | PURCHASE | VOI-11, ISSUE-3 [SEP-2021] | IJNPR0001 | Journals/Serial | ||
| JRU Library | JRU Library | Periodicals Section | 03/04/2025 | PURCHASE | VOI-16, ISSUE-1 [MAR-2025] | IJNPR0002 | Journals/Serial | |||
| JRU Library | JRU Library | Periodicals Section | 01/07/2025 | PURCHASE | VOL16, ISSUE-02 [JUNE-2025] | IJNPR0003 | Journals/Serial | |||
| JOURNALS | JRU Library | JRU Library | Periodicals Section | 10/11/2025 | PURCHASE | VOL-16, NO-03 | INJPR0004 | Journals/Serial | ||
| JRU Library | JRU Library | Periodicals Section | 19/01/2026 | PURCHASE | VOI-16, ISSUE-4 [DEC-2025] | IJNPR0005 | Journals/Serial |